00681nam a2200205 a 4500001001000000003000400010005001700014008004100031040002500072082002000097100001000117245006900127260003800196300002100234500006400255650004300319650003900362650002600401730004800427000008531OSt20210920143156.0090917s1999 dr 001 0 spa d aDO-SdBNPbspacBNPHU a079.7293bK812c1 aKoldo10aCronopiando /cJuan Carlos Campos Sagaseta de Ilúrdoz (koldo). aSanto Domingo :bCorripio,c1999. a215 p. ;c22 cm. aIncluye datos biográficos del autor en la contracubierta. 4aCronopiandoxSecciones, columnas, etc. 4aDiariosxSecciones, columnas, etc. 4aArtículos de prensa3 aEl Nacional (República Dominicana : 1966)